Zagadnienia o polskich prezydentach - klikanie - Statystyki

Ogólne statystyki
  • Ten quiz został rozwiązany 171 razy
  • Średni wynik to 17 z 20
Statystyki odpowiedzi
Hint Odpowiedź % Poprawnych
Zginął w katastrofie lotniczej 052018fbe4-235.webp
95%
Ma brata bliźniaka, Jarosława 052018fbe4-235.webp
95%
Laureat Pokojowej Nagrody Nobla Lech_Wa%C5%82%C4%99sa.png
94%
Obecny prezydent Polski 66882a3390-235.webp
94%
Pierwszy przewodniczący NSZZ „Solidarność” Lech_Wa%C5%82%C4%99sa.png
93%
Brał udział w powstaniu styczniowym 4bb9bbe6e9-235.webp
93%
Współzałożyciel partii Prawo i Sprawiedliwość 052018fbe4-235.webp
93%
Grał w barwach drużyn piłkarskich i bokserskich 66882a3390-235.webp
92%
Został zastrzelony 4bb9bbe6e9-235.webp
91%
Z zawodu jest elektrykiem Lech_Wa%C5%82%C4%99sa.png
88%
Był główną postacią w filmie „O dwóch takich, co ukradli księżyc” 052018fbe4-235.webp
88%
Urodził się na terenach dzisiejszej Litwy 4bb9bbe6e9-235.webp
83%
Był dyrektorem Muzeum II Wojny Światowej 66882a3390-235.webp
82%
Został wyróżniony orderem i tytułem Narodowego Bohatera Gruzji 052018fbe4-235.webp
76%
Pierwszy prezydent Rzeczypospolitej Polskiej 4bb9bbe6e9-235.webp
74%
Został nazwany na cześć papieża 66882a3390-235.webp
74%
Pod pseudonimem Tadeusz Batyr opublikował biografię Nikodema Skotarczaka 66882a3390-235.webp
74%
Ma ośmioro dzieci Lech_Wa%C5%82%C4%99sa.png
72%
Z zawodu był inżynierem i konstruktorem 4bb9bbe6e9-235.webp
62%
Urodził się w Popowie Lech_Wa%C5%82%C4%99sa.png
51%
Nie znaleziono quizów pasujących do podanych kryteriów
Rozkład punktacji
Procent ludzi z każdym wynikiem
Percentyl według liczby udzielonych odpowiedzi
Twoja historia wyników
Nie rozwiązałeś tego quizu